000 00732nam a2200289Ia 4500
005 20260324125709.0
008 008 260324s9999 xx 000 0 eng d
020 _a9781315615387
037 _aEBOOK
040 _aCRL
040 _beng
040 _cCRL
041 _2eng
041 _aeng
084 _qCRL
100 _aSean Stroud
_91178967
245 4 _aThe Defence of Tradition in Brazilian Popular Music
245 0 _bPolitics, Culture and the Creation of Música Popular Brasileira
260 _bTaylor and Francis
260 _c2008
365 _a
365 _b230
856 _uhttp://www.taylorfrancis.com/books/9781315615387
942 _cEBOOK
999 _c1774469
_d1774469